000 00323nam a2200145Ia 4500
100 _aHayt/William H/ Kemmerly/ J.E.
250 _a6
942 _cBK
654 _acircuit
245 _aEngineering Circuit Analysis
260 _bTata Mc Graw hill
_c2002
082 _a621.3815
_bHAY
300 _a706
546 _aENGLISH
999 _c24564
_d24564